000 00801nam a2200217Ia 4500
003 OSt
005 20220923212041.0
006 a|||||r|||| 00| 0
007 ta
008 220922b |||||||| |||| 00| 0 hin d
024 _a150,301
037 _cTextual
040 _aARTS
_cARTS
_bhin
041 _2hin
_ahin
082 _a902jM86, 152J9
100 _aअग्रवाल, वासुदेवशरण, संपा.
_9161984
245 0 _aराष्ट्रकवि मैथिलीशरण गुप्त अभिनन्दन ग्रन्थ
246 _aRāṣhṭrakavi maithilīsharaṇ gupta abhinandan grantha
942 _h902jM86, 152J9
_cTEXL
_2CC
999 _c305981
_d305981